00405nam a22001097a 4500008004100000082001800041100002700059245008900086260006800175300001800243650003400261200323b ||||| |||| 00| 0 eng d a330.967 8 LAP aLappe, Frances Moore.- aMozambique and Tanzania:bAsking the Big Questions/cFrances Moore Lappe.-hEnglish. aSan Francisco:bInstitute of Food and Development Policy,c1979 a126p;c22cm.- 2ECONOMIC SITUATION - TANZANIA